La generación de empleo de calidad y los procesos de integración regional (Registro nro. 22698)

Detalles MARC
000 -LEADER
fixed length control field 00404 a2200109 4500
001 - CONTROL NUMBER
control field ART_4846
005 - DATE AND TIME OF LATEST TRANSACTION
control field 20260410161825.0
008 - FIXED-LENGTH DATA ELEMENTS--GENERAL INFORMATION
fixed length control field 260409a
100 1# - MAIN ENTRY--PERSONAL NAME
Personal name Martínez, Daniel
245 10 - TITLE STATEMENT
Title La generación de empleo de calidad y los procesos de integración regional
773 0# - HOST ITEM ENTRY
Title Revista de trabajo
Related parts El empleo en el debate de las Américas - Año 1, Nº 1/1 (jul./dic. 2005)
Record control number REV4713

No hay ítems disponibles.